| 000 | 00974nam a2200277 i 4500 | ||
|---|---|---|---|
| 003 | EG-GICUC | ||
| 005 | 20260505184924.0 | ||
| 008 | 260505s2010 ua ||||fr|||| 00| 0 ara d | ||
| 040 |
_aEG-GiCUC _bara _cEG-GiCUC _dEG-GiCUC _eRda |
||
| 082 | 0 | 4 |
_221 _a345.7 _bع ا . ع |
| 092 | 0 | 4 | _221 |
| 099 | _aLaw1 07 345.7 ع ا . ع 2010 | ||
| 100 | 0 |
_aعادل عبدالرحمن خليل _eمؤلف. |
|
| 245 |
_aالعقود الحكومية: _bالأحكام العامة/ _cعادل عبدالرحمن خليل. |
||
| 264 | 1 |
_aالقاهرة: _c2010. |
|
| 300 |
_a344 صفحة ؛ _c 24 سم. |
||
| 336 |
_2rda contenu _a texte |
||
| 337 |
_2rda medias _aOrdinateur |
||
| 338 |
_2 transporteur rda _a Ressource en ligne |
||
| 546 | _aالنص باللغة العربية | ||
| 650 | 1 | _aالقانون الإداري | |
| 650 | 1 | _aالعقود الإدارية | |
| 856 | 4 | 0 | _uhttps://fll.law.cu.edu.eg/fulltext/bks/B07-03586.pdf |
| 905 | _a59 | ||
| 942 |
_2ddc _n0 _cBK _e21 |
||
| 999 |
_c75906 _d75906 |
||